000 00476nam a2200181Ia 4500
001 23287
005 20260414150927.0
008 260414t2016||||xx |||||||||||||| ||spa||
041 _aESP
082 _a628.1683
_bR81A
100 _aRomero Rojas, Jairo Alberto
_eAUT
245 0 _aTratamiento de aguas residuales :
_bteoría y principios de diseño
260 _c2016
300 _a1248 páginas :
_c24 cm.
650 _aCNM
654 _aCCN
942 _cLIB
_dJUS
_fJUS
_2ddc
_n
999 _c23287
_d23287